| 000 | 00491nam a22001817a 4500 | ||
|---|---|---|---|
| 005 | 20131202152855.0 | ||
| 010 | _aENG-108576 | ||
| 020 |
_a9789381506134 _c325.00 |
||
| 035 | _aEN-92109 | ||
| 037 | _bDBAD/PUB | ||
| 082 | _aS | ||
| 100 | _aBhimani, Kishore | ||
| 245 |
_aThe accidental Godman / _cby Kishore Bhimani |
||
| 260 |
_aNew Delhi _bAmaryllis _c2012 |
||
| 270 |
_aJ-39, Ground Floor, Jor Bagh _bNew Delhi _e110003 |
||
| 300 |
_axiii,303p. _c24cm(pbk) |
||
| 942 |
_2ddc _cEN _mBHI _hS |
||
| 999 |
_c79788 _d79788 |
||